| 000 | 00629nam a2200241Ia 4500 | ||
|---|---|---|---|
| 001 | 29621 | ||
| 005 | 20240114001140.0 | ||
| 007 | ta | ||
| 008 | 060703s1947 g b000 u 465 u | ||
| 040 | _aCotton College,Assam | ||
| 041 | _a465 | ||
| 082 |
_a915.4 _bR 118 In |
||
| 100 | _aRadhakrishnan, S. . | ||
| 245 | 0 |
_aIndia and China / _cS. Radhakrishnan. _hTextual Documents |
|
| 250 | _a2nd ed. / | ||
| 260 |
_aBombay : _bHind Kitabs Ltd. , _c1947. |
||
| 300 |
_a208p. ; _c22cm. |
||
| 653 | _aGeography-India and China | ||
| 653 | _aG-Geography | ||
| 942 |
_2ddc _cBK |
||
| 999 |
_c29603 _d29603 |
||